Química fisiológica (Record no. 78439)

MARC details
000 -LEADER
campo de control de longitud fija 00610nam a2200181 i 4500
001 - NÚMERO DE CONTROL
campo de control 78439
003 - IDENTIFICADOR DE NÚMERO DE CONTROL
campo de control ES-MaACL
005 - FECHA Y HORA DE LA ÚLTIMA TRANSACCIÓN
campo de control 20230906173712.0
007 - CAMPO FIJO DE DESCRIPCIÓN FÍSICA--INFORMACIÓN GENERAL
campo de control de longitud fija t|
008 - DATOS DE LONGITUD FIJA--INFORMACIÓN GENERAL
campo de control de longitud fija 041014s1935 sp ||||1| spa d
100 1# - ENTRADA PRINCIPAL--NOMBRE DE PERSONA
Nombre de persona Hári, Paul.
9 (RLIN) 61846
245 10 - MENCIÓN DEL TÍTULO
Título Química fisiológica
Resto del título : un curso para médicos y estudiantes /
Mención de responsabilidad, etc. por Paul Hári ; traducción de la 4ª edición alemana por A. Oriol Anguera y A. Folch Pi.
260 ## - PUBLICACIÓN, DISTRIBUCIÓN, ETC.
Lugar de publicación, distribución, etc. Barcelona :
Nombre del editor, distribuidor, etc. Labor,
Fecha de publicación, distribución, etc. 1935.
300 ## - DESCRIPCIÓN FÍSICA
Extensión XIV, 443 p. ;
Dimensiones 23 cm.
700 1# - ENTRADA AGREGADA--NOMBRE PERSONAL
Nombre de persona Oriol Anguera, Antonio.
9 (RLIN) 87265
700 1# - ENTRADA AGREGADA--NOMBRE PERSONAL
Nombre de persona Folch i Pi, Alberto.
9 (RLIN) 51452
852 ## - LOCALIZACIÓN
Ubicación ES-MaACL
Número de control de estantería A-3510
Holdings
Estatus retirado Estado de pérdida Estado de daño No para préstamo Biblioteca de origen Biblioteca actual Ubicación en estantería Fecha de adquisición Fuente de adquisición Total de préstamos Signatura topográfica completa Código de barras Visto por última vez Precio de reemplazo Tipo de ítem Koha
        Biblioteca del Ateneo de Madrid Biblioteca del Ateneo de Madrid Sala Pecera Planta 1 17/01/2008     A-3510 1082047 23/02/2023 23/02/2023 Libro impreso